000 002930000a22001330004500
003 MACL
040 _aMACL
090 _c9019
_d9018
100 _aTagare, Ganesh Vasudeo
245 _aThe Vayu Purana
_bPart 2
260 _bMotilal Banarsidass
_c1988
650 _aReligion
942 _cBOOK
_k294.59
999 _c8964
_d8964